00459nam a2200181 a 4500001001300000003000900013005001700022008004100039020001000080082001300090100002300103245001300126260004000139300000800179500003500187505002700222650002800249nice12345678IN_TiNIC20260116011418.0050524s1928 hyda grp 000 0 urd  ac10000a190bMIL aMill, John Stewart aIfadiyat aHyderabadbOsmania Universityc1928 a84p aincludes index and biblioraphy2 aPlus Some Other Tracts aPhilosophy-Western-Mill